Modern English Legal System (Record no. 1308756)

MARC details
000 -LEADER
fixed length control field 00638nam a2200229Ia 4500
005 - DATE AND TIME OF LATEST TRANSACTION
control field 20250409162851.0
008 - FIXED-LENGTH DATA ELEMENTS--GENERAL INFORMATION
fixed length control field 008 250409s9999 xx 000 0 eng d
020 ## - INTERNATIONAL STANDARD BOOK NUMBER
International Standard Book Number 9780421750807
037 ## - SOURCE OF ACQUISITION
Stock number Textbook
040 ## - CATALOGING SOURCE
Original cataloging agency LCT
Language of cataloging eng
Transcribing agency LCT
041 ## - LANGUAGE CODE
Language code of text/sound track or separate title eng
Source of code eng
084 ## - COLON CLASSIFICATION NUMBER
Classification number Z3 / P2
Assigning agency LCT
100 ## - MAIN ENTRY--PERSONAL NAME
Personal name Bailey,S.H.
9 (RLIN) 139745
245 #0 - TITLE STATEMENT
Title Modern English Legal System
Statement of responsibility, etc. by S.H. Bailey, ,Jane Ching, M.J. Gunn, and David Ormerod
250 ## - EDITION STATEMENT
Edition statement 4th ed.
260 ## - PUBLICATION, DISTRIBUTION, ETC.
Place of publication, distribution, etc. Londom
Name of publisher, distributor, etc. Sweet & Maxwell
Date of publication, distribution, etc. 2002
300 ## - PHYSICAL DESCRIPTION
Extent cxxxv, 1387p.
365 ## - TRADE PRICE
Price type code INR
650 ## - SUBJECT ADDED ENTRY--TOPICAL TERM
Topical term or geographic name entry element Law
942 ## - ADDED ENTRY ELEMENTS (KOHA)
Koha item type Textbook
Classification part Z3 / P2
Holdings
Withdrawn status Lost status Damaged status Not for loan Home library Current library Date acquired Total Checkouts Full call number Barcode Date last seen Price effective from Koha item type
        Law Centre-II Library Law Centre-II Library 2025-04-09   Z3 / P2 LT0020025 2025-04-09 2025-04-09 Textbook
Copyright @ Delhi University Library System